| 000 | 00677cam a22002173a 4500 | ||
|---|---|---|---|
| 001 | 43210 | ||
| 003 | PGUSA | ||
| 005 | 20140828084000.0 | ||
| 008 | 130713s2013||||xxu|||||s|||||000 | eng d | ||
| 040 |
_aPGUSA _beng |
||
| 042 | _adc | ||
| 100 | 1 |
_aSchultz, James Willard, _d1859-1947 |
|
| 245 | 1 | 4 |
_aThe War-Trail Fort : _bFurther Adventures of Thomas Fox and Pitamakan _h[electronic resource] / _cJames Willard Schultz |
| 260 |
_bProject Gutenberg, _c2013 |
||
| 506 | _aPublic domain in the USA. | ||
| 516 | _aElectronic text | ||
| 700 | 1 |
_aVarian, George, _d1865-1923 |
|
| 830 | 0 |
_aProject Gutenberg _v43210 |
|
| 856 | 4 | 0 | _uhttp://www.gutenberg.org/ebooks/43210 |
| 942 | _cEB | ||
| 999 |
_c272461 _d272461 |
||